Из истории культуры Средних веков и Возрождения (Запис № 325678)

МАРК-запис
000 -Лідер
fixed length control field 00640nam a22002177a 4500
003 - Ідентифікатор контрольного номера
control field UA-OsUOA
001 - Контрольний номер
control field 39537
007 - Фіксоване поле фізичного опису
fixed length control field ta
008 - Елементи даних фіксованої довжини – загальна інформація
fixed length control field 20060621b un ||||| |||| 00| 0 ukr d
090 ## - Локальний шифр розміщення
Класифікаційний індекс УДК 008"653"(091)
Авторський знак (НП) К26
040 ## - Джерело каталогізації
Агенція оригінальної каталогізації UA-OsUOA
Агенція, яка здійснювала перезапис UA-OsUOA
Агенція, яка здійснювала модифікацію UA-OsUOA
080 ## - Індекс Універсальної десяткової класифікації
Індекс Універсальної десяткової класифікації (УДК) (НП) 008"653"(091)
100 ## - Основне введення – ім’я особи
Ім’я особи (НП) Карпушин В.А.
245 ## - Відомості про назву
Назва (НП) Из истории культуры Средних веков и Возрождения
260 ## - Публікація, розповсюдження і т.п. (Вихідні дані)
Місце публікації, розповсюдження і т.п. (П) М.
Ім’я/ наймення видавництва, розповсюджувача і т.п. (П) Наука
Дата публікації, розповсюдження і т.п. (П) 1976
300 ## - Фізичний опис
Обсяг 320 с.
650 #7 - Додаткове предметне введення – тематичний термін
Тематичний термін чи географічна назва, як елемент введення (НП) 008 Цивілізація. Культура. Прогрес
Джерело заголовка чи терміна UDC
942 ## - Додаткові елементи входу (Коха)
Тип елемента Koha Книги
955 ## - Код типу видання за змістом
Код типу видання за змістом (НП) інше
Фонди
Стан вилучень Стан втрат Джерело класифікації або схеми стелажів Стан уражень Не для кредиту Код колекції Постійне місце розташування Поточне розміщення Дата придбання Інвентарний номер Усього замовленно Штрих-код Дата останнього перегляду Дата останньої перевірки Ціна ефективна від Тип елемента Koha
    Universal Decimal Classification     Колекція Крекотня В. І. ЧЗ - Читальна зала ЧЗ - Читальна зала 21/06/2006 91675 1 91675 03/11/2022 21/10/2022 21/06/2006 Книги